000 nam a22 a 4500
999 _c382173
_d382173
003 BLK
005 20210706150439.0
008 200813b bu ||||| |||| 00| 0 bu d
020 _a9786192201845
040 _aBLK
041 _aBUL
_cBUL
080 _aБългарска литература
_b821.163.2
_x-32
_z821.163.2-32
100 _9265404
_aСтоилов, Димил
_eпърви автор
139 _aСтоилов, Димил
_bС 79
245 _aДецата на Дон Кихот. Белгийски и други разкази
_cДимил Стоилов
260 _9389463
_aСофия
_bЛексикон
_c2018
300 _a248 с.
_c21 см
380 _aX
942 _cKNG
_n0
_s1
_02
999 _d382173